00575nam a2200169Ia 4500008004000000082001700040100001900057245006600076250000500142260003900147300001300186650004500199690001100244906001100255999001700266952012200283210210b1976 xxu||||| |||| 00| 0 eng d a581.634 IYEB aIYENGAR (M A). aBibliography of investigated Indian medicinal plants. 1950-75 a aManipalbCollege of pharmacyc1976 aviii,144 aBibliography, Indians Medicinal Plants  aBotany a032505 c83520d83520 001040708BiologyaALbALcBiologyd2021-02-17g95.00l0o581.634 IYEBp032505r2021-02-17 00:00:00w2021-02-17yBK